Editor dátových formulárov
Saved in:
| Main Author: | |
|---|---|
| Other Authors: | |
| Format: | Manuscript Book |
| Language: | Slovak |
| Published: |
2017
|
| Subjects: | |
| Online Access: | http://is.stuba.sk/zp/portal_zp.pl?podrobnosti=116027 |
| Tags: |
No Tags, Be the first to tag this record!
|
MARC
| LEADER | 00000ntm a22000003a 4500 | ||
|---|---|---|---|
| 001 | stuzp62412 | ||
| 003 | SK-STU | ||
| 005 | 20170731114045.3 | ||
| 007 | ta | ||
| 008 | 150427s2015----xo-----f-mn---000-0-slo-d | ||
| 040 | |a STU |b slo | ||
| 041 | 0 | |a slo | |
| 044 | |a xo | ||
| 100 | 1 | |a Chlebovec, Martin |u 035000 |4 aut |U FEI Fakulta elektrotechniky a informatiky |T FEI Ústav informatiky a matematiky |X 74702 |U E050 |Y 816 |7 74702 | |
| 242 | 0 | 1 | |a Data form editor |y eng |
| 245 | 1 | 0 | |a Editor dátových formulárov |
| 260 | |c 2017 | ||
| 300 | |a 35 s. | ||
| 650 | 4 | |a proces |2 slo | |
| 650 | 4 | |a dátové formuláre |2 slo | |
| 650 | 4 | |a workflow |2 slo | |
| 650 | 4 | |a Petriho sieť |2 slo | |
| 650 | 4 | |a Petri net |2 eng | |
| 650 | 4 | |a workflow |2 eng | |
| 650 | 4 | |a process |2 eng | |
| 650 | 4 | |a data form |2 eng | |
| 700 | 1 | |a Juhás, Gabriel |u 035000 |k Z1 |4 ths |U FEI Fakulta elektrotechniky a informatiky |T FEI Ústav informatiky a matematiky |X 4971 |U E050 |Y 816 |7 A000004971 | |
| 856 | 4 | |u http://is.stuba.sk/zp/portal_zp.pl?podrobnosti=116027 | |
| 996 | |b 284ER02539 |c E*Bc- 2539 |l EE35 |s P |a 0 |w stuzp62412_0001 | ||